| 000 | 01145cam a22003254a 4500 | ||
|---|---|---|---|
| 001 | 8363473 | ||
| 003 | ASAB | ||
| 005 | 20180827062643.0 | ||
| 006 | m d | ||
| 007 | cr n | ||
| 008 | 091109s2010 nyua sb 001 0 eng d | ||
| 020 | _a978-81-926689-0-1 | ||
| 035 | _a(WaSeSS)ssj0000399156 | ||
| 040 |
_aDLC _cASAB _dWaSeSS |
||
| 050 | 4 |
_aTA192.5 _b.E5785 2010 |
|
| 210 | 1 | 0 | _aEnvironmental biotechnology |
| 245 | 0 | 0 |
_aEnvironmental biotechnology _cby A.K. Shrivastava |
| 260 |
_aNew Delhi : _bAgrotech Press, _cc2013. |
||
| 300 | _a254 P. | ||
| 490 | 0 |
_aHandbook of environmental engineering, _vvol. 10 |
|
| 504 | _aIncludes bibliographical references and index. | ||
| 506 | _aLicense restrictions may limit access. | ||
| 650 | 0 |
_aBioremediation. _91965 |
|
| 650 | 0 |
_aBiotechnology _xEnvironmental aspects. _91966 |
|
| 700 | 1 |
_aWang, Lawrence K. _91967 |
|
| 773 | 0 | _tSpringerLink ebooks - Engineering (2010) | |
| 856 | 4 | 0 |
_uhttp://www.columbia.edu/cgi-bin/cul/resolve?clio8363473 _zFull text available from SpringerLink ebooks - Engineering (2010) |
| 910 | _aLibrary of Congress record | ||
| 942 |
_2ddc _cBK |
||
| 999 |
_c480141 _d480141 |
||